00401nam a2200145Ia 4500008004100000020001800041041000800059082001600067100002100083245007500104250000600179260004900185300001200234650000900246210716s2007 xx 000 0 und d a9780763743338 aeng a004.6P BERJ aBerman, Jules J. aPerl programming: for medicine and biology.bFor medicine and biology. a1 aBostonbJones and Bartlett Publishers.c2007 axiv,407 aNone